zpět

Detail výsledku týmu

Hasičárna Novesta, Zlín

Datum a čas kvízu

36 Celkem bodů Celkový počet nahraných bodů na tomto kvízu bez doplňovacích otázek.
6. Pořadí na kvízu Konečné umístění týmu na tomto kvízu.

Zaznamenané odpovědi

# Otázka Odpověď Body Výsledky
1. Žena, která nastoupila loni v... Jana Vohralíková, Petr Kolář 1
2. Tento ruský opoziční politik v... Boris Naděždin 1
3. Ve čtvrtek byl na Netflixu ods... narkobaronka (šéfka kokainové mafie) 1
4. Které město jako první v České... Brno 0
5. Který Evropan nasázel minulý t... Luka Dončić 1
6. Nejvíce dvojčat na světě se ro... Nigérie 0
7. Dvojčata si mohou v dětském vě... kryptofázie 0
8. Jako dvojčata byly označovány... Ground Zero 1
9. Jak se jmenuje herec, jehož dv... Kiefer Sutherland 0
10. Na závěr tématu se podíváme na... paterčata 1